Statystyki dla Kraje z największą liczbą testów Covid-19

Kliknij tutaj aby rozwiązać quiz!

Ogólne statystyki

  • Ten quiz został rozwiązany 64 razy
  • Średni wynik to 20 z 36

Statystyki odpowiedzi

kraj% Poprawnych
Polska
98%
Stany Zjednoczone
97%
Niemcy
95%
Francja
87%
Rosja
87%
Włochy
85%
Hiszpania
83%
Wielka Brytania
78%
Brazylia
72%
Kanada
72%
Indie
65%
Norwegia
65%
Portugalia
62%
Portugalia
62%
Australia
58%
Iran
58%
Korea Południowa
57%
Litwa
55%
Turcja
55%
Austria
52%
Łotwa
52%
Dania
50%
Estonia
50%
Szwajcaria
48%
Irlandia
47%
Izrael
38%
Izrael
38%
Nowa Zelandia
38%
Słowenia
37%
Peru
33%
Zjednoczone Emiraty Arabskie
30%
Katar
23%
Kuwejt
17%
Cypr
15%
Bahrajn
12%
Wenezuela
12%

Rozkład punktacji

Percentyl według liczby udzielonych odpowiedzi

Procent ludzi z każdym wynikiem

Twoja historia wyników

Nie rozwiązałeś tego quizu